[Event "18th Unive Open 2014"]
[Site "Hoogeveen NED"]
[Date "2014.10.16"]
[Round "7.20"]
[White "Vogel, Jaap"]
[Black "Den Hartog, Marijn"]
[Result "1/2-1/2"]
[WhiteTitle "FM"]
[WhiteElo "2239"]
[BlackElo "2127"]
[WhiteFideId "1000764"]
[BlackFideId "1046098"]
[EventDate "2014.10.11"]

1. d4 Nf6 2. Nf3 d5 3. c4 c6 4. e3 Bg4 5. h3 Bh5 6. Qb3 Qb6 7. Nc3 e6 8. Bd2
Nbd7 9. Nh4 Be7 10. g4 Bg6 11. Nxg6 1/2-1/2

[Event "18th Unive Open 2014"]
[Site "Hoogeveen NED"]
[Date "2014.10.16"]
[Round "7.21"]
[White "Vereggen, Lars"]
[Black "Lesmann, Francis"]
[Result "1/2-1/2"]
[WhiteElo "2206"]
[BlackElo "2090"]
[WhiteFideId "1029258"]
[BlackFideId "1001949"]
[EventDate "2014.10.11"]

1. c4 Nf6 2. g3 g6 3. Bg2 Bg7 4. Nc3 O-O 5. e4 d6 6. Nge2 Nbd7 7. O-O e5 8. d3
a6 9. f4 exf4 10. gxf4 Rb8 11. Kh1 b5 12. cxb5 axb5 13. Nd4 Rb6 14. Ncxb5 c5 15.
e5 dxe5 16. Nc6 Rxc6 17. Bxc6 Qb6 18. Bg2 Qxb5 19. a4 Qa6 20. Qc2 Bb7 21. a5 e4
22. Rd1 exd3 23. Qxd3 Bxg2+ 24. Kxg2 c4 25. Qf3 Nc5 26. Be3 Nb3 27. Ra4 Nh5 28.
Qe4 Rc8 29. Rb4 Nf6 30. Qb7 Qxb7+ 31. Rxb7 Nxa5 32. Ra7 Nb3 33. Bd4 Ng4 34. Bg1
Bxb2 35. Rdd7 Nh6 36. Rac7 Rxc7 37. Rxc7 Nd2 38. Be3 Bc3 39. Bc5 f5 40. h3 Bf6
41. Bb4 c3 42. Rc8+ Kf7 43. Rc7+ Ke6 44. Rc6+ Kf7 45. Rc7+ Ke8 46. Bxc3 Bxc3 47.
Rxc3 Nf7 48. Rc8+ Ke7 49. Rc7+ Kf6 50. Rc6+ Kg7 51. Rc7 Ne4 52. Kf3 Nd6 53. Ra7
Kf6 54. Ra6 h6 55. h4 Kg7 56. Ra7 Ne4 57. Rb7 Kf6 58. Rb6+ Nfd6 59. Ra6 Ke6 60.
Ra8 Nd2+ 61. Ke3 N2e4 62. Kf3 Nf6 63. Ra6 Ne4 64. Ra8 g5 65. hxg5 hxg5 66. fxg5
Nxg5+ 67. Kf4 Nge4 68. Ra6 Kd5 69. Ra5+ Nc5 70. Ra1 Ne6+ 71. Kf3 Nb5 72. Rf1
Nbd4+ 73. Kg2 f4 74. Rxf4 Nxf4+ 75. Kg3 1/2-1/2

[Event "18th Unive Open 2014"]
[Site "Hoogeveen NED"]
[Date "2014.10.16"]
[Round "7.22"]
[White "Boersma, Jan"]
[Black "Goossens, Hanne"]
[Result "1-0"]
[BlackTitle "WFM"]
[WhiteElo "2067"]
[BlackElo "2187"]
[WhiteFideId "1003267"]
[BlackFideId "200468"]
[EventDate "2014.10.11"]

1. e4 c5 2. f4 Nc6 3. Nf3 g6 4. Bb5 Nd4 5. Nxd4 cxd4 6. O-O Bg7 7. d3 Nf6 8. Ba4
O-O 9. Nd2 d6 10. h3 Nd7 11. Nf3 Nc5 12. Bb3 a5 13. Bc4 Bd7 14. a3 b5 15. Bd5
Rc8 16. Bd2 Qb6 17. Qe1 Na4 18. Bxa5 Qa7 19. Bb3 Nxb2 20. Bb4 Na4 21. Qh4 Rce8
22. e5 h6 23. exd6 e6 24. Ne5 Kh7 25. Rae1 Nc3 26. Kh1 Na4 27. Qg3 Rd8 28. h4 h5
29. Nf3 Rde8 30. Ng5+ Kg8 31. f5 exf5 32. Re7 Qb7 33. Nxf7 Kh7 34. Ne5 Rf6 35.
Nxd7 Rxe7 36. Nxf6+ Bxf6 37. dxe7 1-0

[Event "18th Unive Open 2014"]
[Site "Hoogeveen NED"]
[Date "2014.10.16"]
[Round "7.23"]
[White "Mueer, Sebastian"]
[Black "Henseler, Jorgen"]
[Result "1-0"]
[WhiteElo "2185"]
[BlackElo "2085"]
[WhiteFideId "24622001"]
[BlackFideId "1023233"]
[EventDate "2014.10.11"]

1. e4 c6 2. d4 d5 3. Nc3 dxe4 4. Nxe4 Nd7 5. Qe2 e6 6. Bf4 Ngf6 7. Nxf6+ Nxf6 8.
O-O-O Be7 9. Kb1 O-O 10. Nf3 Qb6 11. Ne5 a5 12. Rd3 a4 13. a3 Rd8 14. g4 Nd5 15.
Bd2 f6 16. Nc4 Qc7 17. g5 Nf4 18. Bxf4 Qxf4 19. Nb6 Rb8 20. Nxc8 Rbxc8 21. Qxe6+
Kf8 22. g6 1-0

[Event "18th Unive Open 2014"]
[Site "Hoogeveen NED"]
[Date "2014.10.16"]
[Round "7.24"]
[White "Szostko, Jakub"]
[Black "Buckels, Valentin"]
[Result "0-1"]
[WhiteElo "2102"]
[BlackElo "2179"]
[WhiteFideId "1174282"]
[BlackFideId "12942766"]
[EventDate "2014.10.11"]

1. e4 e5 2. Nf3 Nc6 3. Bb5 a6 4. Bxc6 dxc6 5. O-O Qf6 6. d4 exd4 7. Bg5 Qd6 8.
Nxd4 Bd7 9. Nc3 Be7 10. Bxe7 Nxe7 11. Nb3 O-O-O 12. Qh5 Qg6 13. Qxg6 Nxg6 14. f4
f5 15. e5 b6 16. g3 c5 17. Rad1 Ne7 18. Rd2 Be6 19. Rfd1 Nc6 20. Rxd8+ Rxd8 21.
Rxd8+ Kxd8 22. Nd1 Nb4 23. Ne3 Nxa2 24. Nd2 Nb4 25. c4 Nc6 26. Nf3 Nd4 27. Ng5
Bg8 28. Kf2 Kd7 29. Nf3 g6 30. Nd5 Bxd5 31. cxd5 Nc2 32. Ng5 Nb4 33. Nxh7 Ke7
34. Nf6 Nd3+ 35. Ke2 Nxb2 36. d6+ cxd6 37. Nd5+ Ke6 38. exd6 b5 39. Nc7+ Kxd6
40. Nxa6 Na4 41. h4 Nc3+ 42. Ke3 b4 43. Kd3 Ne4 44. g4 fxg4 0-1

[Event "18th Unive Open 2014"]
[Site "Hoogeveen NED"]
[Date "2014.10.16"]
[Round "7.25"]
[White "Majhi, Ankit"]
[Black "Hummel, Paul"]
[Result "1-0"]
[WhiteElo "2172"]
[BlackElo "2027"]
[WhiteFideId "1033735"]
[BlackFideId "1021168"]
[EventDate "2014.10.11"]

1. e4 g6 2. d4 Bg7 3. Nf3 d6 4. c3 Nd7 5. Bc4 e6 6. O-O Ne7 7. Nbd2 O-O 8. Re1
a6 9. a4 b6 10. Qe2 Bb7 11. e5 dxe5 12. Nxe5 Nxe5 13. dxe5 b5 14. Bb3 c5 15. Ne4
c4 16. Bc2 Qc7 17. Nd6 Bc6 18. Bf4 Rfd8 19. Bg3 Nc8 20. Bh4 Rd7 21. Ne8 Qb7 22.
Nxg7 Kxg7 23. Bf6+ Kf8 24. Qe3 Ne7 25. Qh6+ Ke8 26. Qxh7 Kd8 27. Red1 Bd5 28.
Qxf7 Kc7 29. Bxe7 Kb6 30. a5+ Kc6 31. Rxd5 exd5 32. Qxg6+ Kc7 33. Bd6+ Kc6 34.
Rd1 Rg7 35. Qe6 Qf7 36. Bf5 Rag8 37. Qxf7 1-0

[Event "18th Unive Open 2014"]
[Site "Hoogeveen NED"]
[Date "2014.10.16"]
[Round "7.26"]
[White "Boer, Alef"]
[Black "Smeets, Pierre"]
[Result "1/2-1/2"]
[WhiteElo "2167"]
[BlackElo "2044"]
[WhiteFideId "1007122"]
[BlackFideId "1043820"]
[EventDate "2014.10.11"]

1. c4 c6 2. g3 d5 3. Nf3 Bg4 4. Ne5 Be6 5. Bg2 Nf6 6. cxd5 Bxd5 7. Nf3 c5 8. Nc3
Bc6 9. O-O Nbd7 10. d3 g6 11. e4 Bg7 12. e5 Bxf3 13. Qxf3 Nxe5 14. Qxb7 Rb8 15.
Qxa7 O-O 16. Qxc5 Nxd3 17. Qa3 Ng4 18. Bg5 Ngxf2 19. Qxe7 Qb6 20. Be3 Qxb2 21.
Nd5 Ng4 22. Rab1 Qxb1 23. Rxb1 1/2-1/2

[Event "18th Unive Open 2014"]
[Site "Hoogeveen NED"]
[Date "2014.10.16"]
[Round "7.27"]
[White "Mellema, Andries"]
[Black "Bakels, Anton"]
[Result "1-0"]
[WhiteElo "2136"]
[BlackElo "2056"]
[WhiteFideId "1011464"]
[BlackFideId "1046187"]
[EventDate "2014.10.11"]

1. e4 c5 2. Nf3 d6 3. d4 cxd4 4. Nxd4 Nf6 5. Nc3 a6 6. h3 e5 7. Nde2 h5 8. g3 b5
9. Bg5 Be7 10. Bg2 Nbd7 11. a4 b4 12. Nd5 Nxd5 13. Qxd5 Rb8 14. Bxe7 Kxe7 15.
O-O-O Nc5 16. Qd2 f6 17. b3 Be6 18. Kb2 Qc7 19. f4 Rb6 20. g4 Rc8 21. g5 Rc6 22.
Rc1 Nxa4+ 23. bxa4 Rc3 24. gxf6+ gxf6 25. f5 Bf7 26. Rhd1 Qc4 27. Qxd6+ Ke8 28.
Nxc3 bxc3+ 29. Ka3 Qa2+ 30. Kb4 Qb2+ 31. Ka5 Qb7 32. Rb1 Qa7 33. Rb6 Bc4 34. Bf1
Bb5 35. Qe6+ 1-0

[Event "18th Unive Open 2014"]
[Site "Hoogeveen NED"]
[Date "2014.10.16"]
[Round "7.28"]
[White "Sadallah, Osama"]
[Black "Mijnheer, Peter"]
[Result "1/2-1/2"]
[WhiteElo "2108"]
[BlackElo "2169"]
[WhiteFideId "1002350"]
[BlackFideId "1007408"]
[EventDate "2014.10.11"]

1. d4 Nf6 2. c4 c5 3. d5 b5 4. Nf3 e6 5. dxe6 fxe6 6. cxb5 a6 7. e3 Be7 8. Nc3
O-O 9. Be2 axb5 10. Bxb5 d5 11. O-O Bb7 12. Ng5 Qb6 13. Bd3 Nbd7 14. f4 c4 15.
Bc2 Nc5 16. Kh1 Nd3 17. Qe2 Ne4 18. Ncxe4 dxe4 19. Qg4 Rf5 20. Bxd3 cxd3 21. Bd2
Bxg5 22. fxg5 Qxb2 23. Rfd1 Bd5 24. Rac1 Raf8 25. h3 Rf2 26. Bc3 Qb8 27. g6 hxg6
28. Qxg6 e5 29. a3 Rc2 30. Qg3 Rxc1 31. Rxc1 Rf5 32. Bb4 Qd8 33. Qg4 Qg5 34.
Qxg5 Rxg5 35. Kg1 Rg6 36. Kf2 Re6 37. Rc5 Bb3 38. Ke1 Kf7 39. Rc3 Bc2 40. Rc4
Rf6 41. Bd2 1/2-1/2

[Event "18th Unive Open 2014"]
[Site "Hoogeveen NED"]
[Date "2014.10.16"]
[Round "7.29"]
[White "Groetzbach, Daniel"]
[Black "Hendriks, Richard"]
[Result "0-1"]
[WhiteElo "1976"]
[BlackElo "2110"]
[WhiteFideId "24692166"]
[BlackFideId "1006096"]
[EventDate "2014.10.11"]

1. e4 e5 2. Nf3 Nc6 3. Bb5 f5 4. d3 fxe4 5. dxe4 Nf6 6. O-O Bc5 7. Qd3 d6 8. Qc4
Qe7 9. Be3 Bd7 10. Bxc5 dxc5 11. Bxc6 Bxc6 12. Nc3 O-O-O 13. Rfd1 Rdf8 14. Nd5
Bxd5 15. exd5 e4 16. Ng5 e3 17. Ne6 exf2+ 18. Kh1 Re8 19. Nxc5 Qe1+ 20. Qf1
Qxf1+ 21. Rxf1 Re2 22. Nd3 Ne4 23. g3 Rf8 24. Kg2 Rxc2 25. Rac1 Re2 26. a3 Rf5
27. b3 Ra2 28. Ra1 Rxa1 29. Rxa1 Rxd5 30. Rd1 Nc5 31. Nxf2 Rxd1 32. Nxd1 Nxb3
33. Kf3 Kd7 34. Ke4 Ke6 35. Ne3 Nc5+ 36. Kd4 Nd7 37. a4 b6 38. a5 bxa5 39. Kc4
c6 40. Nc2 Kd6 41. Nd4 Nb6+ 42. Kc3 g6 43. Nf3 h6 44. Nh4 Nd5+ 45. Kd3 Ne7 46.
Kc4 Ke5 0-1

[Event "18th Unive Open 2014"]
[Site "Hoogeveen NED"]
[Date "2014.10.16"]
[Round "7.30"]
[White "Gieben, Stijn"]
[Black "Hummel, Joop"]
[Result "1/2-1/2"]
[WhiteElo "2157"]
[BlackElo "1975"]
[WhiteFideId "1034170"]
[BlackFideId "1012126"]
[EventDate "2014.10.11"]

1. e4 c5 2. Nf3 d6 3. d4 cxd4 4. Nxd4 Nf6 5. Nc3 a6 6. Bc4 e6 7. Bb3 Nbd7 8. f3
Nc5 9. Be3 Qc7 10. Qd2 b5 11. O-O-O Bb7 12. Kb1 Be7 13. Qf2 O-O 14. g4 Nfd7 15.
h4 Ne5 16. g5 Nc4 17. Bxc4 bxc4 18. Nde2 Rab8 19. Qg3 f5 20. gxf6 Rxf6 21. Bg5
Qb6 22. b3 cxb3 23. cxb3 Nxb3 24. Kc2 Nc5 25. Bxf6 Bxf6 26. Rxd6 Bxe4+ 27. Nxe4
Qb2+ 28. Kd1 Nxe4 29. fxe4 Be5 30. Qd3 Bxd6 31. Qxd6 Kh8 32. Rf1 Rg8 33. Qd4
Qb1+ 34. Nc1 Rc8 35. Kd2 Qc2+ 36. Ke3 Rc3+ 37. Nd3 h6 38. Rg1 e5 39. Qd7 Rxd3+
40. Qxd3 Qc5+ 41. Kd2 Qxg1 42. Qxa6 Qd4+ 43. Qd3 Qf2+ 44. Qe2 Qxh4 45. a4 Qd8+
46. Kc2 Qc7+ 47. Kb2 Kg8 48. Qb5 Kf8 49. a5 Ke7 50. a6 Kd8 51. Qd5+ Ke7 52. Qb7
Kd7 53. Qb3 Kc6 54. Qe6+ Kb5 55. a7 Qxa7 56. Qxe5+ Ka6 57. Kc3 Qe3+ 58. Kc4 Qe2+
59. Kd5 Qb5+ 60. Ke6 Qxe5+ 61. Kxe5 h5 62. Kf5 Kb6 63. Kg5 g6 64. e5 Kc7 65. Kf6
h4 66. e6 h3 1/2-1/2

[Event "18th Unive Open 2014"]
[Site "Hoogeveen NED"]
[Date "2014.10.16"]
[Round "7.31"]
[White "Poznyak, Nazar"]
[Black "Fluit, Johnny"]
[Result "1/2-1/2"]
[WhiteElo "1824"]
[BlackElo "2108"]
[WhiteFideId "14159902"]
[BlackFideId "1016253"]
[EventDate "2014.10.11"]

1. e4 c6 2. d4 d5 3. Nc3 dxe4 4. Nxe4 Nd7 5. Bc4 Ngf6 6. Ng5 e6 7. Qe2 Nb6 8.
Bb3 Qc7 9. N1f3 h6 10. Nh3 Bd6 11. Ne5 c5 12. dxc5 Qxc5 13. Nd3 Qc7 14. Bf4 a5
15. a3 a4 16. Ba2 Nbd5 17. Bxd6 Qxd6 18. O-O O-O 19. Rfd1 Qc7 20. c4 Ne7 21.
Nhf4 b6 22. c5 bxc5 23. Rac1 Ra5 24. Qe5 Qxe5 25. Nxe5 Ba6 26. Bc4 Bxc4 27. Nxc4
Rb5 28. Nd3 Rd8 29. Ne3 Ned5 30. Nxc5 Rxb2 31. Nxa4 Rb3 32. Rc3 Nxc3 33. Rxd8+
Kh7 34. Nxc3 Rxc3 35. a4 Nd5 36. Nf1 Ra3 37. Ra8 Nb6 38. Ra7 Kg6 39. a5 Nc4 40.
g3 Rxa5 41. Rc7 Ne5 42. Rc3 Ra2 43. h3 h5 44. Ne3 Nf3+ 45. Kg2 Ng5 46. Rc4 f5
47. Rc6 Ne4 48. Rxe6+ Kf7 49. Re5 g6 50. Nf1 Nxf2 51. Rb5 h4 52. Rb7+ Kf6 53.
gxh4 Ne4+ 54. Kg1 Re2 55. Rb6+ Kg7 56. Re6 Kf7 57. Ra6 f4 58. Ra3 Ke6 59. Rf3
Kf5 60. Ra3 g5 61. h5 g4 62. Ra5+ Kf6 63. hxg4 Nd6 64. Nh2 Re3 65. Kg2 Rg3+ 66.
Kf1 Rh3 1/2-1/2

[Event "18th Unive Open 2014"]
[Site "Hoogeveen NED"]
[Date "2014.10.16"]
[Round "7.32"]
[White "Elgersma, Simon"]
[Black "Weidmann, Kevin"]
[Result "1-0"]
[WhiteElo "1747"]
[BlackElo "1883"]
[WhiteFideId "1046101"]
[BlackFideId "12939994"]
[EventDate "2014.10.11"]

1. e4 c5 2. Nf3 Nc6 3. d4 cxd4 4. Nxd4 e5 5. Nb5 d6 6. N1c3 a6 7. Na3 b5 8. Nd5
Nge7 9. Bg5 h6 10. Bxe7 Nxe7 11. Nxe7 Bxe7 12. Bd3 O-O 13. O-O Bg5 14. c4 b4 15.
Nc2 Qb6 16. b3 f5 17. exf5 Bxf5 18. Bxf5 Rxf5 19. Qd5+ 1-0

[Event "18th Unive Open 2014"]
[Site "Hoogeveen NED"]
[Date "2014.10.17"]
[Round "8.1"]
[White "Mikhalevski, Victor"]
[Black "Roiz, Michael"]
[Result "1/2-1/2"]
[WhiteTitle "GM"]
[BlackTitle "GM"]
[WhiteElo "2550"]
[BlackElo "2585"]
[WhiteFideId "2801914"]
[BlackFideId "2804158"]
[EventDate "2014.10.11"]

1. d4 f5 2. Nc3 d5 3. Bf4 a6 4. e3 Nf6 5. Nf3 e6 6. Ne2 Bd6 7. Nc1 c5 8. Nd3 b6
9. c3 O-O 10. Bxd6 Qxd6 11. Nde5 a5 1/2-1/2

[Event "18th Unive Open 2014"]
[Site "Hoogeveen NED"]
[Date "2014.10.17"]
[Round "8.2"]
[White "Stocek, Jiri"]
[Black "Vovk, Andrey"]
[Result "1/2-1/2"]
[WhiteTitle "GM"]
[BlackTitle "GM"]
[WhiteElo "2551"]
[BlackElo "2637"]
[WhiteFideId "304760"]
[BlackFideId "14114470"]
[EventDate "2014.10.11"]

1. d4 Nf6 2. c4 g6 3. Nc3 Bg7 4. e4 d6 5. h3 O-O 6. Be3 c5 7. d5 e6 8. Nf3 Re8
9. Bd3 exd5 10. exd5 Bf5 11. Bxf5 gxf5 12. O-O Ne4 13. Ne2 Nd7 14. Rb1 Ne5 15.
Nxe5 Bxe5 16. Nf4 Qf6 17. Nh5 Qg6 18. Nf4 Qf6 19. Nh5 Qg6 20. Nf4 Qf6 1/2-1/2

[Event "18th Unive Open 2014"]
[Site "Hoogeveen NED"]
[Date "2014.10.17"]
[Round "8.3"]
[White "Beliavsky, Alexander G"]
[Black "Kasparov, Sergey"]
[Result "1-0"]
[WhiteTitle "GM"]
[BlackTitle "GM"]
[WhiteElo "2618"]
[BlackElo "2484"]
[WhiteFideId "14602377"]
[BlackFideId "13500481"]
[EventDate "2014.10.11"]

1. d4 Nf6 2. c4 c6 3. Bf4 d5 4. e3 a6 5. Nc3 b5 6. cxd5 cxd5 7. Rc1 e6 8. Nf3
Bb7 9. Ne5 Be7 10. Bd3 Nbd7 11. Nxd7 Nxd7 12. O-O O-O 13. a4 b4 14. Na2 Rc8 15.
Rxc8 Qxc8 16. Qd2 b3 17. Nc1 Nb6 18. Nxb3 Nxa4 19. Na5 g6 20. Rc1 Qa8 21. b3 1-0

[Event "18th Unive Open 2014"]
[Site "Hoogeveen NED"]
[Date "2014.10.17"]
[Round "8.4"]
[White "Romanishin, Oleg M"]
[Black "Heberla, Bartlomiej"]
[Result "1/2-1/2"]
[WhiteTitle "GM"]
[BlackTitle "GM"]
[WhiteElo "2490"]
[BlackElo "2567"]
[WhiteFideId "14100088"]
[BlackFideId "1115120"]
[EventDate "2014.10.11"]

1. d4 Nf6 2. Nf3 e6 3. g3 d5 4. Bg2 c5 5. O-O Nc6 6. c4 dxc4 7. Ne5 Bd7 8. Nxc4
cxd4 9. Bf4 Be7 10. Nd6+ Kf8 11. Nxb7 Qb6 12. Nd6 Rd8 13. Nd2 Nd5 14. N6c4 Qc5
15. Rc1 Nxf4 16. gxf4 Qf5 17. e3 g5 1/2-1/2

[Event "18th Unive Open 2014"]
[Site "Hoogeveen NED"]
[Date "2014.10.17"]
[Round "8.5"]
[White "Rudolf, Anna"]
[Black "Guramishvili, Sopiko"]
[Result "1/2-1/2"]
[WhiteTitle "WGM"]
[BlackTitle "IM"]
[WhiteElo "2314"]
[BlackElo "2381"]
[WhiteFideId "722855"]
[BlackFideId "13602888"]
[EventDate "2014.10.11"]

1. e4 c5 2. Nf3 d6 3. Bb5+ Bd7 4. Bxd7+ Qxd7 5. O-O Nf6 6. Re1 Nc6 7. c3 e6 8.
d4 cxd4 9. cxd4 d5 10. e5 Ne4 11. Nbd2 Nxd2 12. Bxd2 Be7 13. Rc1 O-O 14. Qb3
Rfc8 15. Rc2 1/2-1/2

[Event "18th Unive Open 2014"]
[Site "Hoogeveen NED"]
[Date "2014.10.17"]
[Round "8.7"]
[White "Ernst, Sipke"]
[Black "Van Osch, Mees"]
[Result "0-1"]
[WhiteTitle "GM"]
[WhiteElo "2555"]
[BlackElo "2188"]
[WhiteFideId "1004689"]
[BlackFideId "1035967"]
[EventDate "2014.10.11"]

1. d4 Nf6 2. Bg5 d5 3. e3 c5 4. c3 Nc6 5. Nf3 Qb6 6. Qb3 Qxb3 7. axb3 Ne4 8. Bf4
cxd4 9. exd4 e6 10. Bd3 Bd6 11. Bxd6 Nxd6 12. Nbd2 O-O 13. Ne5 Ne7 14. O-O f6
15. Nef3 Nc6 16. b4 Bd7 17. Ra2 Ne7 18. Rfa1 Bb5 19. Bxb5 Nxb5 20. Ra5 b6 21.
Rxb5 Rfb8 22. Ra6 Nf5 23. Nb1 Nd6 24. Rc5 bxc5 25. dxc5 Nb5 26. Na3 e5 27. Kf1
Nc7 28. Ra5 a6 29. Nd2 Rd8 30. Ke2 Rab8 31. g3 Kf7 32. Nc2 Kg6 33. Nb3 Kg5 34.
Ra4 Rdc8 35. Ne3 Rd8 36. Nd2 Kg6 37. Nb3 Kg5 38. h3 h5 39. Kd3 g6 40. Nc2 h4 41.
gxh4+ Kxh4 42. Ra1 Rh8 43. Ne3 Kg5 44. Rg1+ Kh6 45. Na5 Rbd8 46. Nc6 Rd7 47. Kc2
Re8 48. Rd1 Re6 49. Na5 Ree7 50. Nc6 Rh7 51. Rg1 Rdf7 52. h4 Kh5 53. Rg3 Rhg7
54. c4 dxc4 55. Na5 Ne6 56. Naxc4 Nd4+ 57. Kd3 Rd7 58. Nd6 Rxd6 59. cxd6 Rd7 60.
Ke4 Rxd6 61. Nc4 Rd8 62. Rd3 f5+ 63. Ke3 Nc2+ 64. Kd2 Rxd3+ 65. Kxd3 Nxb4+ 66.
Kc3 Nc6 67. Nd6 Kxh4 68. Kc4 Kg4 69. Kd5 Nb4+ 70. Kxe5 Nd3+ 71. Kf6 Nxb2 72.
Kxg6 f4 73. Kf6 Nd3 74. Nc4 Nxf2 75. Ke5 Kf3 76. Kd4 Ke2 77. Ne5 a5 78. Ng6 f3
79. Ne5 Ne4 80. Ng4 Nd6 81. Kc5 Nb7+ 0-1

[Event "18th Unive Open 2014"]
[Site "Hoogeveen NED"]
[Date "2014.10.17"]
[Round "8.8"]
[White "Van der Lende, Ilias"]
[Black "Malaniuk, Vladimir P"]
[Result "1/2-1/2"]
[BlackTitle "GM"]
[WhiteElo "2277"]
[BlackElo "2495"]
[WhiteFideId "1019260"]
[BlackFideId "14100177"]
[EventDate "2014.10.11"]

1. e4 e5 2. Nf3 Nc6 3. d4 exd4 4. Nxd4 Bc5 5. Nxc6 Qf6 6. Qf3 bxc6 7. Nd2 d6 8.
Bd3 Qxf3 9. Nxf3 Ne7 10. O-O O-O 11. Re1 Rb8 12. c3 a5 13. Bc2 Bb6 14. Bb3 h6
15. h3 Be6 16. Bxe6 fxe6 17. b3 e5 18. Rb1 Kf7 19. Be3 Bxe3 20. Rxe3 c5 21. Nd2
Ke6 22. Nc4 Ra8 23. a4 g5 24. Kf1 Nc6 25. Rd3 Rf4 26. g3 Rff8 27. Ke2 Rab8 28.
Ne3 Rb7 29. Rd2 Rfb8 30. Rdb2 h5 31. Kd3 Ne7 32. Nc4 Nc6 33. Ne3 1/2-1/2

[Event "18th Unive Open 2014"]
[Site "Hoogeveen NED"]
[Date "2014.10.17"]
[Round "8.9"]
[White "Groetzbach, Julian"]
[Black "Raghavi, N."]
[Result "1/2-1/2"]
[BlackTitle "WIM"]
[WhiteElo "2169"]
[BlackElo "2253"]
[WhiteFideId "24600938"]
[BlackFideId "5017173"]
[EventDate "2014.10.11"]

1. e4 e5 2. Nf3 Nc6 3. Bb5 a6 4. Ba4 Nf6 5. O-O Be7 6. Re1 b5 7. Bb3 O-O 8. a4
b4 9. d4 d6 10. dxe5 dxe5 11. Nbd2 Bb7 12. a5 Bc5 13. Qe2 Nd4 14. Qc4 Qd6 15.
Nxd4 Qxd4 16. Qxd4 Bxd4 17. Bc4 Rfd8 18. Bd3 Nd7 19. Nb3 Nc5 20. Nxc5 Bxc5 21.
Be3 1/2-1/2

[Event "18th Unive Open 2014"]
[Site "Hoogeveen NED"]
[Date "2014.10.17"]
[Round "8.10"]
[White "Hambleton, Aman"]
[Black "Van Foreest, Lucas"]
[Result "1-0"]
[WhiteTitle "IM"]
[WhiteElo "2456"]
[BlackElo "2314"]
[WhiteFideId "2606577"]
[BlackFideId "1039792"]
[EventDate "2014.10.11"]

1. d4 Nf6 2. c4 e6 3. Nc3 Bb4 4. Qc2 O-O 5. Nf3 b6 6. e4 Bxc3+ 7. bxc3 d6 8. e5
dxe5 9. dxe5 Nfd7 10. Ng5 g6 11. Qe4 c6 12. Qh4 h5 13. Qg3 Qe7 14. Ne4 Na6 15.
Bh6 Re8 16. Nd6 Nac5 17. Nxe8 Qxe8 18. Be2 Kh7 19. Bf4 Ba6 20. O-O Rd8 21. Rfd1
Nb8 22. Qg5 Rxd1+ 23. Rxd1 Nbd7 24. Bf3 Bxc4 25. Bxc6 Bxa2 26. Qh6+ Kg8 27. Bg5
Bd5 28. c4 Bxc6 29. Bf6 1-0

[Event "18th Unive Open 2014"]
[Site "Hoogeveen NED"]
[Date "2014.10.17"]
[Round "8.11"]
[White "Clemens, Adrian"]
[Black "Gonzalez De La Torre, Santiago"]
[Result "0-1"]
[WhiteTitle "FM"]
[BlackTitle "IM"]
[WhiteElo "2195"]
[BlackElo "2440"]
[WhiteFideId "1006487"]
[BlackFideId "2221667"]
[EventDate "2014.10.11"]

1. d4 Nf6 2. c4 c5 3. d5 b5 4. Qc2 bxc4 5. e4 g6 6. Bxc4 d6 7. Nf3 Bg7 8. O-O
O-O 9. Re1 Nfd7 10. Nc3 Ba6 11. Nb5 Bxb5 12. Bxb5 Qa5 13. Bxd7 Nxd7 14. Bd2 Qb5
15. Bc3 Rfd8 16. Bxg7 Kxg7 17. Qc3+ Kg8 18. b3 Qb4 19. Rac1 Qxc3 20. Rxc3 a5 21.
e5 a4 22. exd6 exd6 23. Nd2 Nf6 24. Rd3 Kf8 25. Nc4 axb3 26. axb3 Re8 27. Kf1
Ra6 28. Red1 h5 29. g3 Re4 30. f3 Re7 31. h4 Ke8 32. Kf2 Kd7 33. R3d2 Re8 34.
Rd3 Ng8 35. R1d2 Nh6 36. Ne3 Rb8 37. g4 Rb4 38. g5 Ng8 39. Kg3 Ne7 40. Rc3 Ra3
41. Rdd3 Rd4 42. f4 Ra2 43. Kf3 Rh2 44. Kg3 Re2 45. Kf3 Rxe3+ 46. Rxe3 Nxd5 47.
Rc2 Rxf4+ 0-1

[Event "18th Unive Open 2014"]
[Site "Hoogeveen NED"]
[Date "2014.10.17"]
[Round "8.12"]
[White "Ris, Robert"]
[Black "Hoffman, Ron"]
[Result "1-0"]
[WhiteTitle "IM"]
[WhiteElo "2427"]
[BlackElo "2086"]
[WhiteFideId "1011480"]
[BlackFideId "1007599"]
[EventDate "2014.10.11"]

1. d4 Nf6 2. c4 g6 3. g3 Bg7 4. Bg2 O-O 5. Nc3 d6 6. Nf3 c6 7. O-O Qa5 8. e4
Nbd7 9. h3 e5 10. Re1 exd4 11. Nxd4 Ne5 12. Bf1 Re8 13. Be3 c5 14. Nb3 Qb4 15.
a3 Qb6 16. Nd2 Nc6 17. Rb1 Qd8 18. Bg2 Be6 19. Ne2 Nd7 20. Nf4 Nde5 21. Bf1 Nd4
22. b4 b6 23. Nxe6 Rxe6 24. f4 Nd7 25. Bg2 Qe8 26. Bf2 a5 27. bxc5 dxc5 28. e5
Rd8 29. Bd5 h5 30. Nf3 Nxf3+ 31. Qxf3 Nf8 32. Kg2 Qd7 33. Re2 Qc7 34. Reb2 Rb8
35. Rb5 Re7 36. Bxc5 1-0

[Event "18th Unive Open 2014"]
[Site "Hoogeveen NED"]
[Date "2014.10.17"]
[Round "8.13"]
[White "Bezemer, Arno"]
[Black "Schoorl, Rob"]
[Result "1/2-1/2"]
[WhiteTitle "FM"]
[BlackTitle "FM"]
[WhiteElo "2275"]
[BlackElo "2330"]
[WhiteFideId "1001396"]
[BlackFideId "1009508"]
[EventDate "2014.10.11"]

1. e4 e6 2. d4 d5 3. Nd2 Be7 4. Ngf3 Nf6 5. e5 Nfd7 6. Bd3 c5 7. c3 Nc6 8. O-O
g5 9. dxc5 Nxc5 10. Bc2 Nd7 11. Re1 h5 12. Nf1 g4 13. Nd4 Ndxe5 14. Bf4 Bf6 15.
Ng3 Kf8 16. Kh1 Qb6 17. Qd2 Nc4 18. Bh6+ Ke7 19. Qf4 Nxd4 20. cxd4 h4 21. Nf5+
Kd8 22. Nd6 Ke7 23. Nxc4 dxc4 24. Bg5 Bxg5 25. Qxg5+ Kf8 26. Qf6 Rg8 27. d5 Bd7
28. dxe6 Bxe6 29. Qxh4 Qxb2 30. Be4 Rh8 31. Qg3 Rd8 32. Rab1 Qd2 33. Qe5 Qd4 34.
Qa5 1/2-1/2